Rents, fund raising, swaps (Record no. 83903)

MARC details
000 -LEADER
fixed length control field 00751cab a22001935a 4500
001 - CONTROL NUMBER
control field L155713
008 - FIXED-LENGTH DATA ELEMENTS--GENERAL INFORMATION
fixed length control field 120410e2012 xxk 000 0 eng d
035 ## - SYSTEM CONTROL NUMBER
System control number (Sirsi) u155713
041 0# - LANGUAGE CODE
Language code of text/sound track or separate title eng
110 2# - MAIN ENTRY--CORPORATE NAME
Corporate name or jurisdiction name as entry element EuroProperty
9 (RLIN) 1216
245 00 - TITLE STATEMENT
Title Rents, fund raising, swaps
260 ## - PUBLICATION, DISTRIBUTION, ETC.
Date of publication, distribution, etc. 2012
490 #0 - SERIES STATEMENT
Series statement EuroProperty
Volume/sequential designation 2 April 2012, 23(1)
520 ## - SUMMARY, ETC.
Summary, etc. Banks take up the European Central Bank's long-term refinancing operation cash, pushing medium-term swap rates up. Tables cover prime European rents/yields, Q4 2011, and EuroProperty's capital raising update. Graph of swap rates and projected Euribor interest rate shows two-year rates falling slightly.
590 ## - LOCAL NOTE (RLIN)
Local note KA
651 #4 - SUBJECT ADDED ENTRY--GEOGRAPHIC NAME
Geographic name Europe
690 ## - LOCAL SUBJECT ADDED ENTRY--TOPICAL TERM (OCLC, RLIN)
Topical term or geographic name as entry element Commercial property
9 (RLIN) 6227
942 ## - ADDED ENTRY ELEMENTS (KOHA)
Suppress in OPAC 0
Holdings
Withdrawn status Lost status Source of classification or shelving scheme Damaged status Not for loan Home library Current library Shelving location Date acquired Total Checkouts Full call number Barcode Date last seen Price effective from Koha item type
    Dewey Decimal Classification     London London Journal article 09/04/2012   L155713 155713-1001 06/08/2019 06/08/2019 Journal